[Event "Berlin-ch Seniors op 34th"]
[Site "Berlin"]
[Date "2018.02.02"]
[Round "4"]
[White "Petrykowski, Reinhardt"]
[Black "Steiger, Michael"]
[Result "0-1"]
[WhiteElo "1836"]
[BlackElo "1977"]
[PlyCount "58"]
[EventDate "2018.01.30"]
[EventType "swiss"]
[EventRounds "9"]
[EventCountry "GER"]
[SourceTitle "EXT 2020"]
[Source "ChessBase"]
[SourceDate "2019.10.17"]
[SourceVersion "1"]
[SourceVersionDate "2019.10.17"]
[SourceQuality "1"]

1. d4 Nf6 2. Nf3 g6 3. e3 Bg7 4. c4 0-0 5. Nc3 d6 6. Be2 Nbd7 7. 0-0 e5 8. e4 exd4 9. Nxd4 Re8 10. f3 c6 11. Be3 d5 12. cxd5 cxd5 13. Qd2 dxe4 14. fxe4 Nxe4 15. Nxe4 Rxe4 16. Bf3 Re8 17. Rad1 Ne5 18. Qf2 Nxf3+ 19. Nxf3 Qa5 20. b3 Bg4 21. h3 Bxf3 22. Qxf3 Re7 23. a4 Qc3 24. Bg5 Qc5+ 25. Be3 Qxe3+ 26. Qxe3 Rxe3 27. Rd7 f5 28. Rxb7 Bd4 29. Kh1 Rae8 0-1

[Event "Berlin-ch Seniors op 34th"]
[Site "Berlin"]
[Date "2018.01.30"]
[Round "1"]
[White "Campe, Ulrich"]
[Black "Petrykowski, Reinhardt"]
[Result "1/2-1/2"]
[WhiteElo "1569"]
[BlackElo "1836"]
[PlyCount "76"]
[EventDate "2018.01.30"]
[EventType "swiss"]
[EventRounds "9"]
[EventCountry "GER"]
[SourceTitle "EXT 2020"]
[Source "ChessBase"]
[SourceDate "2019.10.17"]
[SourceVersion "1"]
[SourceVersionDate "2019.10.17"]
[SourceQuality "1"]

1. b4 d5 2. Bb2 e6 3. e3 Nd7 4. Nf3 Ngf6 5. a3 Be7 6. Be2 b6 7. c4 0-0 8. 0-0 Bb7 9. Nc3 c5 10. bxc5 Nxc5 11. cxd5 exd5 12. d3 a6 13. Nd4 Qd7 14. Bf3 b5 15. Rc1 Rac8 16. Qd2 Bd6 17. Nce2 Rfe8 18. Rc2 Na4 19. Rxc8 Rxc8 20. Rc1 Nxb2 21. Qxb2 Rxc1+ 22. Qxc1 a5 23. h3 b4 24. axb4 axb4 25. Qb1 Qa4 26. Nb3 Qd7 27. Ned4 g6 28. Qa1 Ne8 29. Qa5 Qc7 30. Qxc7 Nxc7 31. Kf1 f5 32. g3 Kf7 33. h4 Kf6 34. Ke2 Ke5 35. Kd2 Be7 36. Kc2 Kd6 37. h5 Ba6 38. hxg6 hxg6 1/2-1/2

[Event "MVP-ch Seniors op 17th"]
[Site "Binz"]
[Date "2017.12.05"]
[Round "7.63"]
[White "Petrykowski, Reinhardt"]
[Black "Traut, Alexander"]
[Result "1-0"]
[WhiteElo "1828"]
[BlackElo "1588"]
[PlyCount "84"]
[EventDate "2017.11.29"]
[EventType "swiss"]
[EventRounds "9"]
[EventCountry "GER"]
[SourceTitle "EXT 2019"]
[Source "ChessBase"]
[SourceDate "2018.10.10"]
[SourceVersion "1"]
[SourceVersionDate "2018.10.10"]
[SourceQuality "1"]

1. d4 d5 2. Nf3 Nf6 3. h3 e6 4. Bf4 Bd6 5. Qc1 h6 6. Nbd2 Bxf4 7. e3 Bd6 8. Bd3 0-0 9. e4 dxe4 10. Nxe4 Nxe4 11. Bxe4 f5 12. Bd3 Qf6 13. 0-0 Nc6 14. c3 Ne7 15. Re1 Nd5 16. Ne5 Bxe5 17. Rxe5 Ne7 18. Qd2 Ng6 19. Re2 Bd7 20. Rae1 Rae8 21. f4 Qh4 22. Rf1 Bc6 23. Kh2 Qf6 24. g3 a6 25. Bc4 Bd7 26. d5 Kh8 27. dxe6 Bc6 28. Bd5 Rd8 29. c4 Ne7 30. Re5 g6 31. Qc2 Rd6 32. h4 Rfd8 33. Rd1 Qf8 34. b3 Qe8 35. Qb2 Kh7 36. Qg2 Ng8 37. Rde1 Nf6 38. e7 R8d7 39. Bxc6 bxc6 40. Kh3 Ne4 41. R1xe4 fxe4 42. Qxe4 Rf6 1-0

[Event "Miedzyzdroje OB Seniors 24th"]
[Site "Miedzyzdroje"]
[Date "2016.06.22"]
[Round "6"]
[White "Petrykowski, Reinhardt"]
[Black "Scholz, Jutta"]
[Result "1-0"]
[WhiteElo "1864"]
[BlackElo "1617"]
[PlyCount "74"]
[EventDate "2016.06.17"]
[EventType "swiss"]
[EventRounds "9"]
[EventCountry "POL"]
[SourceTitle "EXT 2019"]
[Source "ChessBase"]
[SourceDate "2018.10.10"]
[SourceVersion "1"]
[SourceVersionDate "2018.10.10"]
[SourceQuality "1"]

1. d4 Nf6 2. c4 g6 3. Nf3 Bg7 4. Nc3 d6 5. e3 Bg4 6. Be2 Nc6 7. h3 Bxf3 8. Bxf3 h5 9. Nd5 Nd7 10. Bd2 e5 11. Nb4 Nxb4 12. Bxb4 exd4 13. exd4 Qe7+ 14. Kf1 Rb8 15. Qd2 0-0 16. Re1 Qd8 17. Bc3 Kh7 18. g3 Bh6 19. Qd3 c6 20. Kg2 Nf6 21. d5 cxd5 22. Bxd5 Nxd5 23. Qxd5 Qd7 24. Re2 Qc6 25. Rd1 Rfe8 26. Qxc6 bxc6 27. Rxe8 Rxe8 28. Rxd6 Re7 29. Rxc6 Rb7 30. b3 Bc1 31. Rd6 Ba3 32. Rd2 Bf8 33. Re2 Ba3 34. g4 Bc5 35. Re4 Ba3 36. Kf3 Rd7 37. Rd4 Kh6 1-0

[Event "Miedzyzdroje OB Seniors 23rd"]
[Site "Miedzyzdroje"]
[Date "2015.06.23"]
[Round "7"]
[White "Petrykowski, Reinhardt"]
[Black "Berger, Volkmar"]
[Result "1/2-1/2"]
[WhiteElo "1883"]
[BlackElo "1773"]
[PlyCount "28"]
[EventDate "2015.06.17"]
[EventType "swiss"]
[EventRounds "8"]
[EventCountry "POL"]
[SourceTitle "EXT 2018"]
[Source "ChessBase"]
[SourceDate "2017.10.13"]
[SourceVersion "1"]
[SourceVersionDate "2017.10.13"]
[SourceQuality "1"]

1. Nf3 Nf6 2. c4 d6 3. Nc3 g6 4. e4 Nc6 5. d4 Bg7 6. Be2 0-0 7. h3 e5 8. Be3 Ne8 9. Qd2 f5 10. dxe5 fxe4 11. Nxe4 Nxe5 12. Nxe5 Bxe5 13. Bh6 Ng7 14. Bg5 Qe8 1/2-1/2

[Event "GER-ch Seniors 22nd"]
[Site "Berlin"]
[Date "2010.08.18"]
[Round "3"]
[White "Petrykowski, Reinhardt"]
[Black "Roedel, Egmar"]
[Result "1/2-1/2"]
[WhiteElo "1686"]
[BlackElo "1906"]
[PlyCount "32"]
[EventDate "2010.08.16"]
[EventType "swiss"]
[EventRounds "9"]
[EventCountry "GER"]
[SourceTitle "CBM 138 Extra"]
[Source "ChessBase"]
[SourceDate "2010.10.29"]
[SourceVersion "1"]
[SourceVersionDate "2010.10.29"]
[SourceQuality "1"]

1. e4 c5 2. Nf3 e6 3. d4 cxd4 4. Nxd4 Nf6 5. Qd3 Nc6 6. Nc3 a6 7. a3 Qc7 8. Be2 Be7 9. Be3 0-0 10. 0-0 b5 11. Nxc6 dxc6 12. Bf3 Bb7 13. Qe2 Rad8 14. Rad1 c5 15. Rxd8 Rxd8 16. Rd1 Rxd1+ 1/2-1/2

[Event "GER-ch Seniors 22nd"]
[Site "Berlin"]
[Date "2010.08.16"]
[Round "1"]
[White "Petrykowski, Reinhardt"]
[Black "Kornrumpf, Joachim"]
[Result "0-1"]
[WhiteElo "1686"]
[BlackElo "2015"]
[PlyCount "122"]
[EventDate "2010.08.16"]
[EventType "swiss"]
[EventRounds "9"]
[EventCountry "GER"]
[SourceTitle "CBM 138 Extra"]
[Source "ChessBase"]
[SourceDate "2010.10.29"]
[SourceVersion "1"]
[SourceVersionDate "2010.10.29"]
[SourceQuality "1"]

1. e4 c5 2. Nf3 e6 3. d4 cxd4 4. Nxd4 a6 5. Be3 Qc7 6. Qd2 Nf6 7. f3 d5 8. Bd3 Bd6 9. g3 0-0 10. 0-0 Nbd7 11. Nc3 Nc5 12. exd5 Nxd3 13. cxd3 Nxd5 14. Bf2 Nxc3 15. Qxc3 Qe7 16. a3 Bd7 17. Rac1 Rac8 18. Qd2 e5 19. Ne2 Bc6 20. Be3 Rfe8 21. Nc3 f5 22. Bg5 Qe6 23. Rce1 Qg6 24. Be3 f4 25. Bf2 Bxf3 26. Ne4 Bc7 27. b4 b6 28. Rc1 Red8 29. Qa2+ Kh8 30. Qc4 Qg4 31. Rc2 Bb8 32. Qb3 Rxc2 33. Qxc2 Be2 34. Re1 Bxd3 35. Qc6 Qf3 36. Qxb6 Rc8 37. Ng5 Qh5 38. Qb7 Re8 39. Ne4 Qg6 40. Qd7 Bb5 41. Qd2 Bc6 42. Qe2 h6 43. Qd3 Bb5 44. Qb3 Qg4 45. Qc2 f3 46. Bc5 Qh3 47. Qf2 Qf5 48. Bd6 Bc6 49. Bxb8 Rxb8 50. Nd6 Qg6 51. Ne4 Bxe4 52. Rxe4 Rd8 53. Re1 Qf5 54. Qe3 Rd3 55. Qc5 Qh3 56. Qf2 e4 57. Rc1 Rxa3 58. Rd1 Qe6 59. h4 Ra2 60. Qe3 Rg2+ 61. Kf1 Qc4+ 0-1